[Event "Stay Safe Play From Home 380"]
[Site "Emanuel Lasker Arena"]
[Date "2020.08.13"]
[Round "2"]
[White "Lazieri3"]
[Black "NTBT_DHS"]
[Result "0-1"]
[WhiteElo "2134"]
[BlackElo "2530"]
[Annotator "TA"]
[PlyCount "76"]
[EventDate "2020.08.13"]
[EventType "swiss (blitz)"]

{[%evp 10,75,23,32,31,41,48,46,47,0,38,48,39,37,47,-72,-6,-13,-7,-31,-34,-33,-24,-110,-97,-518,-500,-502,-491,-583,-564,-570,-565,-551,-513,-504,-519,-638,-646,-645,-643,-643,-627,-678,-660,-721,-627,-714,-702,-836,-820,-891,-854,-998,-991,-940,-939,-29993,-29994,-29994,-29994,-29995,-29996,-29997,-29996,-29998,-29999,-29999]} 1. e4 g6 2. Nc3 Bg7 3. Nf3 d6 4. d4 Nf6 5. Be3 O-O 6. Qd2 d5 {B08: Pirc Defence: Classical System.} 7. exd5 Nxd5 8. Nxd5 Qxd5 {[#] White is slightly better.} 9. c3 $146 ({Predecessor:} 9. c4 Qd8 10. Be2 Bf5 11. O-O Nc6 12. Rfd1 Be4 13. Ng5 Bf5 14. Nf3 Qd7 15. Rac1 {0-1 (64) Castillo Pena,P (1770)-Ovezdurdiyeva,J (2061) chess.com INT 2020}) 9... Bg4 10. Be2 Nc6 11. h3 Bf5 12. Bd3 {[#]} (12. Nh4 $14 {keeps the upper hand.}) 12... Rad8 (12... Bxd3 $1 $17 13. Qxd3 e5) 13. Bxf5 Qxf5 14. O-O e5 15. Rfe1 exd4 16. Nxd4 (16. Bxd4 $11 {keeps the balance.} Nxd4 17. cxd4) 16... Nxd4 $17 17. Bxd4 $4 {[%mdl 8192] [#] This move loses the game for White.} (17. cxd4 $17 {was the crucial defense.} c5 18. f3) 17... c5 $19 18. g4 Qc8 19. Qf4 cxd4 20. cxd4 Rxd4 21. Qf3 Qc6 22. Qxc6 bxc6 23. Rad1 Rxd1 24. Rxd1 Bxb2 {[%mdl 4096] Endgame KRB-KR} 25. Rd7 a5 26. Rc7 a4 27. Rxc6 a3 28. h4 h6 29. h5 gxh5 30. gxh5 Kg7 31. Kg2 Re8 32. Rb6 Re5 33. Rxb2 axb2 {KR-K3P. Black mates.} 34. f4 Ra5 35. Kg3 b1=Q 36. f5 Ra3+ 37. Kf4 Qb4+ 38. Ke5 Ra5# {Accuracy: White = 42%, Black = 82%.} 0-1

[Event "Stay Safe Play From Home 380"]
[Site "Emanuel Lasker Arena"]
[Date "2020.08.13"]
[Round "2"]
[White "Fischer_11"]
[Black "Padmaesh M K"]
[Result "0-1"]
[WhiteElo "2039"]
[BlackElo "1820"]
[Annotator "NA"]
[PlyCount "98"]
[EventDate "2020.08.13"]
[EventType "swiss (blitz)"]

1. e4 {[%emt 0:00:02]} e5 {[%emt 0:00:00]} 2. Nc3 {[%emt 0:00:01]} Nc6 {[%emt 0:00:00]} 3. Bc4 {[%emt 0:00:00]} Nf6 {[%emt 0:00:00]} 4. d3 {[%emt 0:00:00]} Bc5 {[%emt 0:00:00]} 5. f4 {[%emt 0:00:00]} O-O {[%emt 0:00:00]} 6. Nf3 {[%emt 0:00:01]} d6 {[%emt 0:00:01]} 7. Na4 {[%emt 0:00:02]} Bg4 {[%emt 0:00:01]} 8. Nxc5 {[%emt 0:00:02]} dxc5 {[%emt 0:00:00]} 9. h3 {[%emt 0:00:01]} Bxf3 {[%emt 0:00:02]} 10. Qxf3 {[%emt 0:00:00]} Nd4 {[%emt 0:00:01]} 11. Qf2 {[%emt 0:00:01]} b5 {[%emt 0:00:01]} 12. Bb3 {[%emt 0:00:02]} a5 {[%emt 0:00:01]} 13. c3 {[%emt 0:00:03]} Nxb3 {[%emt 0:00:03]} 14. axb3 {[%emt 0:00:00]} Qxd3 {[%emt 0:00:01]} 15. fxe5 {[%emt 0:00:05]} Nxe4 {[%emt 0:00:01]} 16. Qe2 {[%emt 0:00:01]} Qxe2+ {[%emt 0:00:01]} 17. Kxe2 {[%emt 0:00:00]} Ng3+ {[%emt 0:00:00]} 18. Kf3 {[%emt 0:00:03]} Nxh1 {[%emt 0:00:00]} 19. Be3 {[%emt 0:00:01]} f6 {[%emt 0:00:01]} 20. e6 {[%emt 0:00:03]} Rfe8 {[%emt 0:00:01]} 21. Rxh1 {[%emt 0:00:03]} Rxe6 {[%emt 0:00:01]} 22. Bxc5 {[%emt 0:00:00]} c6 {[%emt 0:00:01]} 23. Rd1 {[%emt 0:00:02]} a4 {[%emt 0:00:02]} 24. bxa4 {[%emt 0:00:02]} Rxa4 {[%emt 0:00:00]} 25. Rd7 {[%emt 0:00:00]} Rae4 {[%emt 0:00:02]} 26. h4 {[%emt 0:00:02]} Re2 {[%emt 0:00:01]} 27. g3 {[%emt 0:00:02]} Rxb2 {[%emt 0:00:01]} 28. Kf4 {[%emt 0:00:02]} Rc2 {[%emt 0:00:01]} 29. Bb4 {[%emt 0:00:03]} Rf2+ {[%emt 0:00:02]} 30. Kg4 {[%emt 0:00:01] Fischer_11 bietet Remis Fischer_11 bietet Remis Fischer_11 bietet Remis} Re4+ {[%emt 0:00:00]} 31. Kh3 {[%emt 0:00:02]} Rxb4 {[%emt 0:00:02]} 32. cxb4 {[%emt 0:00:00]} Rb2 {[%emt 0:00:01]} 33. Rd4 {[%emt 0:00:01]} Rb3 {[%emt 0:00:01]} 34. Kg4 {[%emt 0:00:01]} Kf7 {[%emt 0:00:01]} 35. h5 {[%emt 0:00:01]} g6 {[%emt 0:00:01]} 36. Rd7+ {[%emt 0:00:01]} Kg8 {[%emt 0:00:01]} 37. hxg6 {[%emt 0:00:01]} hxg6 {[%emt 0:00:00]} 38. Kf4 {[%emt 0:00:00]} Rxb4+ {[%emt 0:00:01]} 39. Kf3 {[%emt 0:00:00]} Rc4 {[%emt 0:00:00]} 40. Rc7 {[%emt 0:00:01]} b4 {[%emt 0:00:01]} 41. g4 {[%emt 0:00:00]} b3 {[%emt 0:00:01]} 42. Rb7 {[%emt 0:00:00]} Rc3+ {[%emt 0:00:01]} 43. Kf4 {[%emt 0:00:00]} c5 {[%emt 0:00:00]} 44. Ke4 {[%emt 0:00:00]} c4 {[%emt 0:00:01]} 45. Kd5 {[%emt 0:00:00]} Rc1 {[%emt 0:00:01]} 46. Ke6 {[%emt 0:00:00]} Re1+ {[%emt 0:00:02]} 47. Kxf6 {[%emt 0:00:01]} Kh8 {[%emt 0:00:01]} 48. Kxg6 {[%emt 0:00:01]} Re6+ {[%emt 0:00:01]} 49. Kf5 {[%emt 0:00:01]} Rc6 {[%emt 0:00:00] Zeit Zeit Zeit (Lag: Av=1.44s, max=23.3s) (Lag: Av=1.44s, max=23.3s) (Lag: Av=1.44s, max=23.3s)} 0-1

[Event "Stay Safe Play From Home 380"]
[Site "Emanuel Lasker Arena"]
[Date "2020.08.13"]
[Round "2"]
[White "TheCHESSHOUSE"]
[Black "Hickey"]
[Result "1-0"]
[WhiteElo "2002"]
[BlackElo "2113"]
[Annotator "TA"]
[PlyCount "77"]
[EventDate "2020.08.13"]
[EventType "swiss (blitz)"]

{[%evp 12,77,4,4,25,22,25,23,23,16,13,12,19,17,7,0,0,6,21,17,55,0,1,0,8,12,35,39,31,34,44,0,0,6,22,22,24,4,30,20,27,25,40,0,25,0,170,193,283,294,294,47,114,0,0,0,4,0,169,168,868,862,843,832,832,829,823,785]} 1. d4 Nf6 2. c4 e6 3. Nc3 Bb4 4. Bd2 O-O 5. Nf3 b6 6. g3 Bb7 7. Bg2 c5 {E21: Nimzo-Indian: 4 Nf3.} 8. O-O cxd4 9. Nxd4 Bxg2 {White has an edge.} 10. Kxg2 Nc6 {[#]} 11. Nf3 $146 ({Predecessor:} 11. e3 Rc8 12. Qe2 Nxd4 13. exd4 d5 14. cxd5 Nxd5 15. Rac1 Be7 16. Rfd1 Qd7 17. Be3 Nxc3 18. bxc3 {1-0 (65) Sriniaiyer,S (1995)-Ghazarian,K (2181) chess.com INT 2020}) 11... Qe7 12. Rc1 Rfd8 13. a3 Bxc3 14. Bxc3 Rac8 15. Qc2 d5 16. cxd5 ({White should try} 16. Bxf6 $1 $14 Qxf6 17. cxd5) 16... Nxd5 $11 17. Qb3 Nxc3 18. Rxc3 Na5 19. Qc2 Rxc3 20. Qxc3 h6 21. e3 Nb7 22. Rc1 Nc5 23. b4 Ne4 24. Qe5 Nf6 25. Rc7 $36 {[%mdl 2048] White has some pressure.} Rd7 26. Rc8+ Rd8 27. Rc7 Rd7 28. Rc8+ Kh7 $2 {[#]} (28... Rd8 $11 {and Black is okay.} 29. Qc7 Qxc7 30. Rxc7 a5) 29. Qb8 $1 $18 {And now Rh8+ would win.} Qd6 (29... g6 {is a better defense.} 30. e4 e5) 30. Rh8+ Kg6 31. Nh4+ $2 (31. Ne5+ $18 Kf5 32. Nxd7 Qd5+ 33. f3 Qd2+ 34. Kh3 Qxd7 35. Qd8) 31... Kh5 (31... Kg5 $1 $14) 32. Qa8 (32. Qxd6 $16 {Qe5+ would kill now.} Rxd6 33. Rf8) 32... Qd5+ $11 33. Qxd5+ Nxd5 {[%mdl 4096] Endgame KRN-KRN} 34. Rg8 g5 $2 (34... f6 $1 $11) 35. Nf3 f6 $2 (35... Nf6) 36. h3 $18 {[%csl Gh3][%cal Rg3g4] White is clearly winning.} f5 {[#]} 37. g4+ $1 {[%mdl 576] Decoy} fxg4 38. hxg4+ Kxg4 39. Ne5+ {[%mdl 64] Double Attack. Accuracy: White = 74%, Black = 61%.} 1-0

[Event "Stay Safe Play From Home 380"]
[Site "Emanuel Lasker Arena"]
[Date "2020.08.13"]
[Round "2"]
[White "Batabat1955"]
[Black "IceQueen"]
[Result "0-1"]
[WhiteElo "1963"]
[BlackElo "2301"]
[Annotator "NA"]
[PlyCount "92"]
[EventDate "2020.08.13"]
[EventType "swiss (blitz)"]

1. d3 {[%emt 0:00:03]} c5 {[%emt 0:00:00]} 2. e4 {[%emt 0:00:00]} Nf6 {[%emt 0:00:00]} 3. c3 {[%emt 0:00:00]} Nc6 {[%emt 0:00:00]} 4. f4 {[%emt 0:00:00]} d5 {[%emt 0:00:00]} 5. e5 {[%emt 0:00:01]} Ng4 {[%emt 0:00:00]} 6. Nf3 {[%emt 0:00:00]} e6 {[%emt 0:00:03]} 7. h3 {[%emt 0:00:01]} Nh6 {[%emt 0:00:00]} 8. Be2 {[%emt 0:00:01]} Nf5 {[%emt 0:00:01]} 9. O-O {[%emt 0:00:01]} Ng3 {[%emt 0:00:01]} 10. Rf2 {[%emt 0:00:01]} Be7 {[%emt 0:00:01]} 11. d4 {[%emt 0:00:01]} cxd4 {[%emt 0:00:01]} 12. cxd4 {[%emt 0:00:01]} Bd7 {[%emt 0:00:01]} 13. Nc3 {[%emt 0:00:01]} h5 {[%emt 0:00:02]} 14. Bd3 {[%emt 0:00:01]} Qb6 {[%emt 0:00:03]} 15. Ne2 {[%emt 0:00:07]} Nxe2+ {[%emt 0:00:01]} 16. Bxe2 {[%emt 0:00:01]} Rc8 {[%emt 0:00:01]} 17. Bd2 {[%emt 0:00:01]} Nxd4 {[%emt 0:00:02]} 18. Nxd4 {[%emt 0:00:04]} Qxd4 {[%emt 0:00:00]} 19. Bc3 {[%emt 0:00:02]} Qxd1+ {[%emt 0:00:00]} 20. Rxd1 {[%emt 0:00:01]} Bc5 {[%emt 0:00:00]} 21. Kf1 {[%emt 0:00:02]} Bxf2 {[%emt 0:00:00]} 22. Kxf2 {[%emt 0:00:00]} O-O {[%emt 0:00:02]} 23. Bxh5 {[%emt 0:00:01]} g6 {[%emt 0:00:01]} 24. Be2 {[%emt 0:00:01]} a6 {[%emt 0:00:01]} 25. g4 {[%emt 0:00:00]} Bb5 {[%emt 0:00:01]} 26. Bf3 {[%emt 0:00:01]} Rc4 {[%emt 0:00:01]} 27. Kg3 {[%emt 0:00:01]} Rd8 {[%emt 0:00:01]} 28. Be2 {[%emt 0:00:03]} Re4 {[%emt 0:00:03]} 29. Bf3 {[%emt 0:00:02]} Re3 {[%emt 0:00:02]} 30. Kf2 {[%emt 0:00:01]} Rd3 {[%emt 0:00:00]} 31. Rxd3 {[%emt 0:00:01]} Bxd3 {[%emt 0:00:00]} 32. Ke3 {[%emt 0:00:01]} Be4 {[%emt 0:00:02]} 33. Bxe4 {[%emt 0:00:03]} dxe4 {[%emt 0:00:00]} 34. Kxe4 {[%emt 0:00:00]} Rd1 {[%emt 0:00:01]} 35. f5 {[%emt 0:00:00]} Rh1 {[%emt 0:00:02]} 36. fxg6 {[%emt 0:00:04]} fxg6 {[%emt 0:00:01]} 37. Kf4 {[%emt 0:00:01]} Rxh3 {[%emt 0:00:01]} 38. Kg5 {[%emt 0:00:01]} Kf7 {[%emt 0:00:00]} 39. a3 {[%emt 0:00:02]} Rd3 {[%emt 0:00:01]} 40. Kf4 {[%emt 0:00:01]} Rd5 {[%emt 0:00:00]} 41. Ke4 {[%emt 0:00:01]} b6 {[%emt 0:00:01]} 42. Kf4 {[%emt 0:00:00]} a5 {[%emt 0:00:01]} 43. Ke4 {[%emt 0:00:01]} Rb5 {[%emt 0:00:01]} 44. b4 {[%emt 0:00:02]} a4 {[%emt 0:00:01]} 45. Bd4 {[%emt 0:00:01]} Rd5 {[%emt 0:00:00]} 46. Ke3 {[%emt 0:00:01] . . .} b5 {[%emt 0:00:01]} 0-1

[Event "Stay Safe Play From Home 380"]
[Site "Emanuel Lasker Arena"]
[Date "2020.08.13"]
[Round "2"]
[White "Ao017545"]
[Black "Yuriko"]
[Result "0-1"]
[WhiteElo "1625"]
[BlackElo "2041"]
[Annotator "NA"]
[PlyCount "60"]
[EventDate "2020.08.13"]
[EventType "swiss (blitz)"]

1. e4 {[%emt 0:00:01]} c5 {[%emt 0:00:02]} 2. Nf3 {[%emt 0:00:00]} d6 {[%emt 0:00:00]} 3. Bb5+ {[%emt 0:00:00]} Bd7 {[%emt 0:00:01]} 4. Bc4 {[%emt 0:00:00]} a6 {[%emt 0:00:01]} 5. Ng5 {[%emt 0:00:01]} e6 {[%emt 0:00:01]} 6. d3 {[%emt 0:00:03]} Nf6 {[%emt 0:00:01]} 7. Nc3 {[%emt 0:00:04]} b5 {[%emt 0:00:00]} 8. Bb3 {[%emt 0:00:01]} h6 {[%emt 0:00:00]} 9. Nf3 {[%emt 0:00:03]} Qc7 {[%emt 0:00:00]} 10. Bf4 {[%emt 0:00:03]} Nc6 {[%emt 0:00:01]} 11. a4 {[%emt 0:00:03]} Na5 {[%emt 0:00:03]} 12. axb5 {[%emt 0:00:03]} axb5 {[%emt 0:00:00]} 13. e5 {[%emt 0:00:02]} dxe5 {[%emt 0:00:05]} 14. Bxe5 {[%emt 0:00:01]} Qb6 {[%emt 0:00:01]} 15. Bxf6 {[%emt 0:00:04]} gxf6 {[%emt 0:00:00]} 16. Qd2 {[%emt 0:00:05]} Be7 {[%emt 0:00:00]} 17. Ne4 {[%emt 0:00:01]} f5 {[%emt 0:00:02]} 18. Ng3 {[%emt 0:00:04]} c4 {[%emt 0:00:00]} 19. Qxa5 {[%emt 0:00:02]} Rxa5 {[%emt 0:00:02]} 20. Rxa5 {[%emt 0:00:00]} Qxa5+ {[%emt 0:00:00]} 21. Ke2 {[%emt 0:00:04]} cxb3 {[%emt 0:00:01]} 22. cxb3 {[%emt 0:00:02]} Qb4 {[%emt 0:00:01]} 23. Nd2 {[%emt 0:00:00]} Bg5 {[%emt 0:00:02]} 24. f4 {[%emt 0:00:03]} Bxf4 {[%emt 0:00:01]} 25. Ngf1 {[%emt 0:00:01]} Bxd2 {[%emt 0:00:01]} 26. Nxd2 {[%emt 0:00:02]} Ke7 {[%emt 0:00:00]} 27. Ra1 {[%emt 0:00:01]} Rg8 {[%emt 0:00:01]} 28. Ra7 {[%emt 0:00:00]} Rxg2+ {[%emt 0:00:01]} 29. Ke3 {[%emt 0:00:01]} Qxd2+ {[%emt 0:00:00]} 30. Kf3 {[%emt 0:00:01]} Qf2# {[%emt 0:00:01] (Lag: Av=0.53s, max=1.3s) (Lag: Av=0.53s, max=1.3s) (Lag: Av=0.53s, max=1.3s)} 0-1

[Event "Stay Safe Play From Home 380"]
[Site "Emanuel Lasker Arena"]
[Date "2020.08.13"]
[Round "3"]
[White "NTBT_DHS"]
[Black "Broken sword"]
[Result "1-0"]
[WhiteElo "2533"]
[BlackElo "2502"]
[Annotator "RC"]
[PlyCount "117"]
[EventDate "2020.08.13"]
[EventType "swiss (blitz)"]

1. e4 {[%emt 0:00:03]} c5 {[%emt 0:00:01]} 2. Nf3 {[%emt 0:00:00]} d6 {[%emt 0:00:00]} 3. Nc3 {[%emt 0:00:00]} Nf6 {[%emt 0:00:01]} 4. e5 {[%emt 0:00:00]} dxe5 {[%emt 0:00:01]} 5. Nxe5 {[%emt 0:00:00]} Nbd7 {[%emt 0:00:00]} 6. Nc4 {[%emt 0:00:00]} Nb6 {[%emt 0:00:00]} 7. Ne3 {[%emt 0:00:00]} e6 {[%emt 0:00:01]} 8. g3 {[%emt 0:00:00]} Bd7 {[%emt 0:00:01]} 9. Bg2 {[%emt 0:00:00]} Qc7 {[%emt 0:00:00]} 10. O-O {[%emt 0:00:01]} Bc6 {[%emt 0:00:00]} 11. d3 {[%emt 0:00:01]} Be7 {[%emt 0:00:01]} 12. a4 {[%emt 0:00:02]} Bxg2 {[%emt 0:00:01]} 13. Kxg2 {[%emt 0:00:01]} O-O {[%emt 0:00:00]} 14. Qf3 {[%emt 0:00:00]} Rad8 {[%emt 0:00:01]} 15. a5 {[%emt 0:00:01]} Nbd5 {[%emt 0:00:01]} 16. Nc4 {[%emt 0:00:00]} Nxc3 {[%emt 0:00:01]} 17. bxc3 {[%emt 0:00:00]} Nd5 {[%emt 0:00:00]} 18. Bd2 {[%emt 0:00:01]} Bf6 {[%emt 0:00:01]} 19. Ra3 {[%emt 0:00:01]} b6 {[%emt 0:00:02]} 20. Rb1 {[%emt 0:00:03]} Rb8 {[%emt 0:00:02]} 21. axb6 {[%emt 0:00:02]} axb6 {[%emt 0:00:00]} 22. Ne3 {[%emt 0:00:03]} Nxe3+ {[%emt 0:00:01]} 23. Bxe3 {[%emt 0:00:00]} b5 {[%emt 0:00:02]} 24. Rab3 {[%emt 0:00:02]} c4 {[%emt 0:00:02]} 25. Rxb5 {[%emt 0:00:01]} Rxb5 {[%emt 0:00:00]} 26. Rxb5 {[%emt 0:00:00]} cxd3 {[%emt 0:00:01]} 27. cxd3 {[%emt 0:00:00]} Qxc3 {[%emt 0:00:01]} 28. Bc5 {[%emt 0:00:04]} Rd8 {[%emt 0:00:01]} 29. Bb4 {[%emt 0:00:09]} Qc2 {[%emt 0:00:04]} 30. Rb7 {[%emt 0:00:02]} h6 {[%emt 0:00:02]} 31. d4 {[%emt 0:00:05]} Rxd4 {[%emt 0:00:06]} 32. Rb8+ {[%emt 0:00:00]} Kh7 {[%emt 0:00:01]} 33. Rb7 {[%emt 0:00:02]} Qg6 {[%emt 0:00:02]} 34. Bc5 {[%emt 0:00:01]} Rd5 {[%emt 0:00:01]} 35. Be3 {[%emt 0:00:01]} Rf5 {[%emt 0:00:01]} 36. Qc6 {[%emt 0:00:00]} Rd5 {[%emt 0:00:02]} 37. Qc4 {[%emt 0:00:02]} Rd8 {[%emt 0:00:03]} 38. Qc7 {[%emt 0:00:01]} Kg8 {[%emt 0:00:01]} 39. h4 {[%emt 0:00:03]} h5 {[%emt 0:00:01]} 40. Kh2 {[%emt 0:00:00]} Rf8 {[%emt 0:00:01]} 41. Qc6 {[%emt 0:00:00]} Be5 {[%emt 0:00:01]} 42. Bc5 {[%emt 0:00:00]} Re8 {[%emt 0:00:01]} 43. Qxe8+ {[%emt 0:00:01]} Kh7 {[%emt 0:00:00]} 44. Qxf7 {[%emt 0:00:00]} Qg4 {[%emt 0:00:01]} 45. Kg2 {[%emt 0:00:01]} Qe4+ {[%emt 0:00:01]} 46. Qf3 {[%emt 0:00:00]} Qf5 {[%emt 0:00:02]} 47. Rf7 {[%emt 0:00:00]} Qxf3+ {[%emt 0:00:01]} 48. Kxf3 {[%emt 0:00:00]} Kg6 {[%emt 0:00:00]} 49. Re7 {[%emt 0:00:00]} Bf6 {[%emt 0:00:00]} 50. Re8 {[%emt 0:00:00]} Kf5 {[%emt 0:00:00]} 51. Rb8 {[%emt 0:00:00]} e5 {[%emt 0:00:00]} 52. Be3 {[%emt 0:00:00]} e4+ {[%emt 0:00:00]} 53. Ke2 {[%emt 0:00:00]} g6 {[%emt 0:00:01]} 54. Rb5+ {[%emt 0:00:00]} Kg4 {[%emt 0:00:01]} 55. Bf4 {[%emt 0:00:00]} g5 {[%emt 0:00:01]} 56. Rb4 {[%emt 0:00:00]} gxf4 {[%emt 0:00:00]} 57. Rxe4 {[%emt 0:00:00]} Kf5 {[%emt 0:00:00]} 58. Rxf4+ {[%emt 0:00:00]} Kg6 {[%emt 0:00:00]} 59. Rf3 {[%emt 0:00:00] Time Time Time ' ' '} 1-0

[Event "Stay Safe Play From Home 380"]
[Site "Emanuel Lasker Arena"]
[Date "2020.08.13"]
[Round "3"]
[White "IceQueen"]
[Black "Mepe_Nika"]
[Result "0-1"]
[WhiteElo "2306"]
[BlackElo "2328"]
[PlyCount "82"]
[EventDate "2020.08.13"]
[EventType "swiss (blitz)"]

1. Nf3 {[%emt 0:00:01]} d5 {[%emt 0:00:00]} 2. b3 {[%emt 0:00:00]} Bf5 {[%emt 0:00:02]} 3. Bb2 {[%emt 0:00:01]} e6 {[%emt 0:00:00]} 4. e3 {[%emt 0:00:01]} Nf6 {[%emt 0:00:00]} 5. d4 {[%emt 0:00:01]} Be7 {[%emt 0:00:01]} 6. Bd3 {[%emt 0:00:00]} Bxd3 {[%emt 0:00:02]} 7. Qxd3 {[%emt 0:00:00]} O-O {[%emt 0:00:00]} 8. Nbd2 {[%emt 0:00:00]} c5 {[%emt 0:00:00]} 9. O-O {[%emt 0:00:00]} Nc6 {[%emt 0:00:00]} 10. Ne5 {[%emt 0:00:01]} Rc8 {[%emt 0:00:01]} 11. a3 {[%emt 0:00:01]} cxd4 {[%emt 0:00:02]} 12. exd4 {[%emt 0:00:01]} Nxe5 {[%emt 0:00:01]} 13. dxe5 {[%emt 0:00:00]} Nd7 {[%emt 0:00:00]} 14. Rfe1 {[%emt 0:00:01]} Qc7 {[%emt 0:00:01]} 15. Rac1 {[%emt 0:00:02]} Bg5 {[%emt 0:00:01]} 16. g3 {[%emt 0:00:03]} Bxd2 {[%emt 0:00:01]} 17. Qxd2 {[%emt 0:00:00]} Qb6 {[%emt 0:00:02]} 18. Bd4 {[%emt 0:00:01]} Qa6 {[%emt 0:00:01]} 19. a4 {[%emt 0:00:01]} b6 {[%emt 0:00:01]} 20. Kg2 {[%emt 0:00:02]} Nc5 {[%emt 0:00:01]} 21. f3 {[%emt 0:00:00]} Qb7 {[%emt 0:00:01]} 22. h4 {[%emt 0:00:01]} Rc7 {[%emt 0:00:01]} 23. h5 {[%emt 0:00:00]} h6 {[%emt 0:00:01]} 24. g4 {[%emt 0:00:00]} Rfc8 {[%emt 0:00:00]} 25. g5 {[%emt 0:00:01]} Kh7 {[%emt 0:00:09]} 26. Qf4 {[%emt 0:00:04]} Rg8 {[%emt 0:00:01]} 27. Qg4 {[%emt 0:00:01]} Qc8 {[%emt 0:00:01]} 28. g6+ {[%emt 0:00:01]} fxg6 {[%emt 0:00:01]} 29. hxg6+ {[%emt 0:00:02]} Kh8 {[%emt 0:00:01]} 30. Rh1 {[%emt 0:00:01]} Rf8 {[%emt 0:00:01]} 31. Be3 {[%emt 0:00:02]} Kg8 {[%emt 0:00:01]} 32. Bxh6 {[%emt 0:00:02]} gxh6 {[%emt 0:00:00]} 33. Rxh6 {[%emt 0:00:01]} Ne4 {[%emt 0:00:07]} 34. Rch1 {[%emt 0:00:02]} Rxc2+ {[%emt 0:00:01]} 35. Kh3 {[%emt 0:00:06]} Nf2+ {[%emt 0:00:01]} 36. Kh4 {[%emt 0:00:00]} Nxg4 {[%emt 0:00:01]} 37. Kxg4 {[%emt 0:00:00]} Rc4+ {[%emt 0:00:04]} 38. bxc4 {[%emt 0:00:00]} Qxc4+ {[%emt 0:00:00]} 39. Kh3 {[%emt 0:00:02]} Rxf3+ {[%emt 0:00:02]} 40. Kg2 {[%emt 0:00:00]} Qg4+ {[%emt 0:00:01]} 41. Kh2 {[%emt 0:00:01]} Qg3# {[%emt 0:00:00] (Lag: Av=0.44s, max=0.7s) (Lag: Av=0.44s, max=0.7s) (Lag: Av=0.44s, max=0.7s)} 0-1

[Event "Stay Safe Play From Home 380"]
[Site "Emanuel Lasker Arena"]
[Date "2020.08.13"]
[Round "3"]
[White "Yuriko"]
[Black "AChessPlayer"]
[Result "0-1"]
[WhiteElo "2044"]
[BlackElo "2471"]
[PlyCount "106"]
[EventDate "2020.08.13"]
[EventType "swiss (blitz)"]

1. d4 {[%emt 0:00:04]} Nf6 {[%emt 0:00:01]} 2. c4 {[%emt 0:00:00]} e6 {[%emt 0:00:00]} 3. Nc3 {[%emt 0:00:00]} d5 {[%emt 0:00:01]} 4. Nf3 {[%emt 0:00:00]} c6 {[%emt 0:00:01]} 5. e3 {[%emt 0:00:00]} Nbd7 {[%emt 0:00:00]} 6. Bd3 {[%emt 0:00:00]} dxc4 {[%emt 0:00:01]} 7. Bxc4 {[%emt 0:00:00]} b5 {[%emt 0:00:00]} 8. Bb3 {[%emt 0:00:01]} a6 {[%emt 0:00:00]} 9. O-O {[%emt 0:00:00]} Bb7 {[%emt 0:00:00]} 10. a4 {[%emt 0:00:00]} b4 {[%emt 0:00:01]} 11. Ne2 {[%emt 0:00:01]} Be7 {[%emt 0:00:01]} 12. Ng3 {[%emt 0:00:00]} O-O {[%emt 0:00:00]} 13. Qe2 {[%emt 0:00:00]} c5 {[%emt 0:00:01]} 14. Rd1 {[%emt 0:00:00]} Qb6 {[%emt 0:00:01]} 15. h3 {[%emt 0:00:01]} a5 {[%emt 0:00:01]} 16. Bc4 {[%emt 0:00:02]} Rac8 {[%emt 0:00:01]} 17. Bb5 {[%emt 0:00:01]} Rfd8 {[%emt 0:00:01]} 18. Bd2 {[%emt 0:00:01]} Bxf3 {[%emt 0:00:03]} 19. Qxf3 {[%emt 0:00:01]} cxd4 {[%emt 0:00:01]} 20. exd4 {[%emt 0:00:00]} Nd5 {[%emt 0:00:01]} 21. Rac1 {[%emt 0:00:03]} N7f6 {[%emt 0:00:01]} 22. Bg5 {[%emt 0:00:02]} h6 {[%emt 0:00:01]} 23. Bf4 {[%emt 0:00:02]} Nxf4 {[%emt 0:00:02]} 24. Qxf4 {[%emt 0:00:00]} Nd5 {[%emt 0:00:00]} 25. Qd2 {[%emt 0:00:01]} Bf6 {[%emt 0:00:01]} 26. Ne4 {[%emt 0:00:01]} Be7 {[%emt 0:00:01]} 27. Rxc8 {[%emt 0:00:02]} Rxc8 {[%emt 0:00:01]} 28. Qe2 {[%emt 0:00:00]} Qd8 {[%emt 0:00:03]} 29. Ng3 {[%emt 0:00:02]} Bg5 {[%emt 0:00:01]} 30. Ne4 {[%emt 0:00:01]} Bf4 {[%emt 0:00:01]} 31. g3 {[%emt 0:00:01]} Bb8 {[%emt 0:00:00]} 32. h4 {[%emt 0:00:01]} Qc7 {[%emt 0:00:01]} 33. Kg2 {[%emt 0:00:00]} Qc2 {[%emt 0:00:01]} 34. Rd2 {[%emt 0:00:02]} Qc7 {[%emt 0:00:01]} 35. Qg4 {[%emt 0:00:01]} f5 {[%emt 0:00:02]} 36. Qg6 {[%emt 0:00:05]} fxe4 {[%emt 0:00:01]} 37. Qxe6+ {[%emt 0:00:01]} Kh8 {[%emt 0:00:00]} 38. Qxe4 {[%emt 0:00:01]} Nf6 {[%emt 0:00:01]} 39. Qg6 {[%emt 0:00:01]} Rf8 {[%emt 0:00:01]} 40. d5 {[%emt 0:00:01]} Qd6 {[%emt 0:00:00]} 41. Bc4 {[%emt 0:00:03]} Nd7 {[%emt 0:00:02]} 42. Qe4 {[%emt 0:00:05]} Nc5 {[%emt 0:00:02]} 43. Qc2 {[%emt 0:00:03]} Ba7 {[%emt 0:00:03]} 44. Bb3 {[%emt 0:00:01]} Nxb3 {[%emt 0:00:02]} 45. Qxb3 {[%emt 0:00:00]} Qb6 {[%emt 0:00:02]} 46. Qc2 {[%emt 0:00:00]} Qd6 {[%emt 0:00:01]} 47. Qd3 {[%emt 0:00:01]} Bc5 {[%emt 0:00:01]} 48. f4 {[%emt 0:00:01]} Re8 {[%emt 0:00:01]} 49. Qb5 {[%emt 0:00:00]} Re3 {[%emt 0:00:01]} 50. Qxa5 {[%emt 0:00:03]} Kh7 {[%emt 0:00:00]} 51. Qb5 {[%emt 0:00:01]} Qg6 {[%emt 0:00:01]} 52. Qf1 {[%emt 0:00:00]} Qxg3+ {[%emt 0:00:01]} 53. Kh1 {[%emt 0:00:00]} Qf3+ {[%emt 0:00:01] Time Time Time (Lag: Av=0.55s, max=0.9s) (Lag: Av=0.55s, max=0.9s) (Lag: Av=0.55s, max=0.9s)} 0-1